Fundamentals of Clinical Trials (Record no. 6181)

MARC details
000 -LEADER
fixed length control field 00590nam a22002057a 4500
003 - CONTROL NUMBER IDENTIFIER
control field OSt
005 - DATE AND TIME OF LATEST TRANSACTION
control field 20181114154311.0
008 - FIXED-LENGTH DATA ELEMENTS--GENERAL INFORMATION
fixed length control field 181114b xxu||||| |||| 00| 0 eng d
020 ## - INTERNATIONAL STANDARD BOOK NUMBER
International Standard Book Number 0387985861
040 ## - CATALOGING SOURCE
Transcribing agency DNLM
082 ## - DEWEY DECIMAL CLASSIFICATION NUMBER
Classification number W20.5 F911f 2015
100 ## - MAIN ENTRY--PERSONAL NAME
Personal name Friedman, Lawrence M; Furberg, Curt D.; Demets, David L.
9 (RLIN) 12753
245 ## - TITLE STATEMENT
Title Fundamentals of Clinical Trials
250 ## - EDITION STATEMENT
Edition statement 5th ed. Asian ed.
260 ## - PUBLICATION, DISTRIBUTION, ETC. (IMPRINT)
Place of publication, distribution, etc. New York; Springer-V erlag 2015
300 ## - PHYSICAL DESCRIPTION
Extent xviii,361p; ill: 23cm
504 ## - BIBLIOGRAPHY, ETC. NOTE
Bibliography, etc References, & index included
650 ## - SUBJECT ADDED ENTRY--TOPICAL TERM
Topical term or geographic name as entry element Clinical Trials
9 (RLIN) 12636
942 ## - ADDED ENTRY ELEMENTS (KOHA)
Source of classification or shelving scheme Other/Generic Classification Scheme
Koha item type Short Loan
Holdings
Withdrawn status Lost status Source of classification or shelving scheme Damaged status Not for loan Home library Current library Date acquired Source of acquisition Inventory number Total Checkouts Full call number Barcode Date last seen Koha item type
    Other/Generic Classification Scheme     Pharmacy Department Library Pharmacy Department Library 14/11/2018   17/40469   W20.5 F911f 2015 2018-0415 14/11/2018 Short Loan